|
|
|
|
| LEADER |
01123nam a22002297a 4500 |
| 020 |
|
|
|a 978-81-7702-249-0
|
| 082 |
|
|
|a S 491.25
|b PAN/A
|
| 100 |
|
|
|a Panini
|9 35764
|
| 245 |
|
|
|a Ashtadhyayi/
|c by Panini.
|
| 260 |
|
|
|a Delhi:
|b Prathibha,
|c 2011.
|
| 300 |
|
|
|a 288p.
|
| 650 |
|
|
|a Grammar Sanskrit
|9 35765
|
| 650 |
|
|
|a Language Sanskrit
|9 35766
|
| 650 |
|
|
|a Language
|9 35767
|
| 700 |
|
|
|a Abhimanyu (ed.)
|9 35768
|
| 700 |
|
|
|a Nandakishore (ed.)
|9 35769
|
| 942 |
|
|
|c BK
|
| 999 |
|
|
|c 54162
|d 54162
|
| 952 |
|
|
|0 0
|1 0
|4 0
|6 S_491_250000000000000_PAN_A
|7 0
|9 77966
|a SSUS
|b SSUS
|c STACKS
|d 2015-06-25
|g 1200.00
|l 5
|o S 491.25 PAN/A
|p 076870
|r 2019-07-20
|s 2019-07-04
|w 2015-06-25
|y BK
|
| 952 |
|
|
|0 0
|1 0
|4 0
|6 S_491_250000000000000_PAN_A
|7 0
|9 77967
|a SSUS
|b SSUS
|c STACKS
|d 2015-06-25
|g 1200.00
|o S 491.25 PAN/A
|p 076871
|r 2015-09-01
|w 2015-06-25
|y BK
|
| 952 |
|
|
|0 0
|1 0
|4 0
|6 S_491_250000000000000_PAN_A
|7 0
|9 77968
|a SSUS
|b SSUS
|c STACKS
|d 2015-06-25
|g 1200.00
|l 5
|o S 491.25 PAN/A
|p 076872
|r 2017-07-19
|s 2017-07-18
|w 2015-06-25
|y BK
|
| 952 |
|
|
|0 0
|1 0
|4 0
|6 S_491_250000000000000_PAN_A
|7 0
|9 77969
|a SSUS
|b SSUS
|c STACKS
|d 2018-02-27
|g 1200.00
|o S 491.25 PAN/A
|p 087479
|r 2018-02-27
|w 2018-02-27
|y BK
|